00585nam a2200205Ia 450000500170000000800410001702000180005804000180007604100080009408200220010210000190012424500720014325000120021526000440022730000290027165000140030065000160031465000290033070000200035920230705155207.0210716s2010 xx 000 0 und d a9788131729878 cAIMIT LIBRARY aeng a004.602 25bWELL aWelling, Luke. aPHP and MySQL web development /cBy Luke Welling and Laura Thomson. a5th ed. aNew Delhi :bPearson Education ,c2010. axxvi,652p. ;bPBc23 cm. aUsing PHP aUsing MySQL aWeb application security aThomson, Laura.